Sharing in development : a programme of employment, equity, and growth for the Philippines : report of an inter-agency team financed by the United Nations Development Programme and organised by the International Labour Office.

Salvato in:
Dettagli Bibliografici
Enti autori: International Labour Office, United Nations Development Programme
Natura: Libro
Pubblicazione: Geneva : International Labour Office, 1974.
Soggetti:
Tags: Aggiungi Tag
Nessun Tag, puoi essere il primo ad aggiungerne!!

MARC

LEADER 00000cam a2200000 i 4500
020 |a 9221011119.  |a 9221011100 
040 |a MUL  |b eng  |e AACR 
082 0 0 |a 331.1 REF 
110 |a International Labour Office 
245 0 0 |a Sharing in development :  |b a programme of employment, equity, and growth for the Philippines : report of an inter-agency team financed by the United Nations Development Programme and organised by the International Labour Office.  |c / International Labour Office and United Nations Development Programme 
260 |a Geneva :  |b International Labour Office,  |c 1974. 
300 |a xxvii, 685 p. :  |b ill. ;  |c 24 cm. 
500 |a "A WEP study." 
504 |a Includes bibliographical references. 
650 0 |a Manpower policy  |z Philippines. 
710 |a United Nations Development Programme 
942 |c BK 
999 |c 9356  |d 9356